| 000 | 00929nam a22003017a 4500 | ||
|---|---|---|---|
| 001 | 4897 | ||
| 003 | FISKH | ||
| 005 | 20241023115742.0 | ||
| 008 | 241023b cb ||||| |||| 00| 0 eng d | ||
| 020 | _a9780590632546 | ||
| 040 |
_aFISKH _beng _cFISKH _dFISKH |
||
| 050 | _aQB46.S9184 | ||
| 082 | _a520 | ||
| 100 | _aSteele, Philip | ||
| 245 |
_aBlack Holes and Other Space Phenomena / _cby Philip Steele |
||
| 250 | _aFirst Scholastic printing , October 1998 | ||
| 260 |
_aNew York : _bScholastic ; _c1995 . |
||
| 300 |
_a40 pages : _bcolor illustrations ; _c29 cm . |
||
| 490 | _aYoung Observer | ||
| 505 | _aZ | ||
| 520 | _aA journey to the heart of a black hole and into one of the greatest mysteries of the universe. | ||
| 521 | 8 |
_a970
_bLexile IG |
|
| 521 | 8 |
_aZ
_bRaz-Plus |
|
| 650 |
_ablack holes _vnon-fiction |
||
| 700 |
_aThompson, Ian _eillustrator |
||
| 942 |
_2ddc _cBK _n0 |
||
| 999 |
_c4897 _d4897 |
||